Aplikasi Preventif dalam Penjagaan Koleksi Artifak / (Record no. 202666)

MARC details
000 -LEADER
fixed length control field 01137nam a2200301 i 4500
003 - CONTROL NUMBER IDENTIFIER
control field OSt
005 - DATE AND TIME OF LATEST TRANSACTION
control field 20260125124831.0
008 - FIXED-LENGTH DATA ELEMENTS--GENERAL INFORMATION
fixed length control field 260108s2022 my ao gr f000 0 may d
020 ## - INTERNATIONAL STANDARD BOOK NUMBER
International Standard Book Number 9789670372396
Qualifying information paperback
Terms of availability RM104.00
040 ## - CATALOGING SOURCE
Original cataloging agency PPAK
Language of cataloging eng
Transcribing agency PPAK
Description conventions rda
082 04 - DEWEY DECIMAL CLASSIFICATION NUMBER
Classification number 069.53
Edition number 23
090 00 - LOCALLY ASSIGNED LC-TYPE CALL NUMBER (OCLC); LOCAL CALL NUMBER (RLIN)
Classification number (OCLC) (R) ; Classification number, CALL (RLIN) (NR) 069.53
Feature heading ZAM
Feature heading R
100 1# - MAIN ENTRY--PERSONAL NAME
Personal name Zamrul Amri Zakaria,
Relator term author.
245 10 - TITLE STATEMENT
Title Aplikasi Preventif dalam Penjagaan Koleksi Artifak /
Statement of responsibility, etc. Zamrul Amri bin Zakaria ; Editor Bahasa: Abd. Karim bin A. Bakar
264 #1 - PRODUCTION, PUBLICATION, DISTRIBUTION, MANUFACTURE, AND COPYRIGHT NOTICE
Place of production, publication, distribution, manufacture Kuala Lumpur, Malaysia :
Name of producer, publisher, distributor, manufacturer Jabatan Muzium Malaysia
Date of production, publication, distribution, manufacture, or copyright notice [2022?]
300 ## - PHYSICAL DESCRIPTION
Extent xiv, 151 pages :
Other physical details colour illustrations, colour photographs ;
Dimensions 25 cm
336 ## - CONTENT TYPE
Content type term text
Source rdacontent
Content type term still image
Source rdacontent
337 ## - MEDIA TYPE
Media type term unmediated
Source rdamedia
338 ## - CARRIER TYPE
Carrier type term volume
Source rdacarrier
504 ## - BIBLIOGRAPHY, ETC. NOTE
Bibliography, etc. note Bibliography : pages 148-150
650 10 - SUBJECT ADDED ENTRY--TOPICAL TERM
Topical term or geographic name entry element Museum conservation methods
Topical term or geographic name entry element Antiquities
General subdivision Collection and preservation
Topical term or geographic name entry element Archaeological museums and collections
Topical term or geographic name entry element Government publications
Geographic subdivision Malaysia
700 0# - ADDED ENTRY--PERSONAL NAME
Personal name Abd. Karim A. Bakar,
Relator term editor.
942 ## - ADDED ENTRY ELEMENTS (KOHA)
Source of classification or shelving scheme Dewey Decimal Classification
Koha item type Book
Holdings
Withdrawn Not for loan Current library Shelving location Date acquired Total Checkouts Full call number Barcode Date last seen Koha item type
  Not For Loan Perpustakaan Alor Setar Rujukan Dewasa 25/01/2026   R 069.53 ZAM A01899754 25/01/2026 Book